000 00254nam a2200109Ia 4500
008 190216s9999||||xx |||||||||||||| ||und||
100 _aSharma K N
245 0 _aCompetition Times Chemistry
260 _bPradeep Pub
_c1996
300 _a635p
942 _cREF
999 _c36372
_d36372